| 000 | 00444nam a2200157 4500 | ||
|---|---|---|---|
| 999 |
_c1478 _d1478 |
||
| 020 | _a8125908838 | ||
| 050 |
_aHF 5635 _bMAH |
||
| 100 | _aMaheshwari S N | ||
| 111 | _aMaheshwari S K | ||
| 245 | _aAdvanced Accountancy | ||
| 250 | _a8th Edition | ||
| 260 |
_aNew Delhi _bVikas Publishing House _c2004 |
||
| 300 | _axvii, 3215 pg | ||
| 505 | _aAccounting principles and processes Special Business Accounting Partnership Accounts | ||
| 942 | _cBK | ||